000 02721nam0a2200409 4500
001 RU\NLR\BIBL_A\011447854
005 20260406110828.0
010 _a9785829504960
_9100
021 _aRU
_b2017-50438
_93620
035 _a(RuMoRGB)008933370
035 _a(NLR Aleph) 011447854
090 _a11737319
_c11737319
100 _a20170802d2016 k y0rusy50 ca
101 0 _arus
102 _aRU
105 _aa z 100zy
200 1 _aИнформационное обеспечение науки: новые технологии
_eсборник научных трудов
_e[доклады XX-го научного семинара с международным участием (Екатеринбург, 19-23 сентября 2016 г.)
_fответственный редактор: П. П. Трескова, кандидат педагогических наук]
210 _aЕкатеринбург
_cИзд-во УМЦ УПИ
_d2016
215 _a235 с.
_cил., табл.
_d20
300 _aВ надзаг.: Федеральное государственное бюджетное учреждение науки, Центральная научная библиотека Уральского отделения Российской академии наук
320 _aБиблиогр. в конце ст.
606 1 _aНаучно-исследовательская работа
_jСъезды, совещания и т.п.
_xИнформационное обслуживание
_91679257
_3RU\NLR\AUTH\66745425
606 1 _aБиблиотеки
_jСъезды, совещания и т.п.
_xИнформационно-библиографическая работа
_92272923
_3RU\NLR\AUTH\661362225
606 _aЭлектронные библиотеки
_jСъезды, совещания и т.п.
_92237379
_3RU\NLR\AUTH\661342676
686 _aЧ215.34я43
_2rubbk
686 _aЧ215.35я43
_2rubbk
686 1 _aЧ215.34я43
686 1 _aЧ735.272я43
686 1 _aЧ738.3я43
702 1 _aТрескова
_bП. П.
_gПолина Прокопьевна
_4340
711 1 2 _a"Информационное обеспечение науки: новые технологии", научный семинар с международным участием
_d20
_eЕкатеринбург
_f2016
_9565037
_3RU\NLR\AUTH\880450707
712 0 2 _4570
_aРоссийская академия наук
_bУральское отделение
_bЦентральная научная библиотека
_9283943
_3RU\NLR\AUTH\886101
942 _cBOOK
980 _aNBR